|
|
|
|
| LEADER |
02733nam a2200505 4500 |
| 001 |
ocn852225783 |
| 003 |
OCoLC |
| 005 |
20170124070111.7 |
| 006 |
m o d |
| 007 |
cr cnu|||unuuu |
| 008 |
130709s2012 gw ob 001 0 ger d |
| 040 |
|
|
|a DG1
|b eng
|c DG1
|d OCLCF
|d YDXCP
|d OCLCQ
|d DG1
|d GrThAP
|
| 019 |
|
|
|a 903854679
|
| 020 |
|
|
|a 9783433601020
|q (electronic bk.)
|
| 020 |
|
|
|a 343360102X
|q (electronic bk.)
|
| 020 |
|
|
|z 9783433029893
|
| 029 |
1 |
|
|a AU@
|b 000051763043
|
| 029 |
1 |
|
|a GBVCP
|b 79020844X
|
| 029 |
1 |
|
|a NZ1
|b 15915183
|
| 035 |
|
|
|a (OCoLC)852225783
|z (OCoLC)903854679
|
| 050 |
|
4 |
|a TA633
|b .B48 2012
|
| 082 |
0 |
4 |
|a 624.1
|2 23
|
| 049 |
|
|
|a MAIN
|
| 245 |
0 |
0 |
|a 2012 Beton Kalender :
|b Infrastrukturbau Befestigungstechnik Eurocode 2.
|n 1 /
|c herausgegeben von Konrad Bergmeister, Frank Fingerloos, Johann-Dietrich Wörner.
|
| 246 |
3 |
|
|a BetonKalendar 2012
|
| 250 |
|
|
|a 101. Jarh.
|
| 264 |
|
1 |
|a Berlin :
|b Ernst & Sohn,
|c [2012]
|
| 264 |
|
4 |
|c ©2012
|
| 300 |
|
|
|a 1 online resource (xx, 594 pages)
|
| 336 |
|
|
|a text
|b txt
|2 rdacontent
|
| 337 |
|
|
|a computer
|b c
|2 rdamedia
|
| 338 |
|
|
|a online resource
|b cr
|2 rdacarrier
|
| 505 |
0 |
|
|a Infrastruktur und Gesellschaft / Johann-Dietrich Wörner -- Mobilitätszentren : Innerstädtische Bahnhofsbauwerke / Konrad Bergmeister, Oliver Fischer, Tobias Nevrly, Conrad Boley -- Planung kundenfreundlicher und wirtschaftlicher Parkbauten / Bernd Beer -- Betonstrukturen unter Explosion und Impakt / Norbert Gebbeken, Manfred Keuser, Tobias Linse, Richard Wensauer -- Aussergewöhnliche Einwirkungen nach DIN EN 1991-1-7 / Claus Kunz -- Beton / Harald S Müller, Hans-Wolf Reinhardt, Udo Wiens -- Aktueller Stand der europäischen Regelungen für Befestigungssysteme / Georg Feistel -- Bemessung von Verankerungen in Beton nach CEN/TS 1992-4 / Rainer Malleé, Werner Fuchs, Rolf Eligehausen -- Befestigungstechnik : einbetonierte und eingemörtelte Bewehrungsstäbe sowie Gewindestangen / Ronald Mihala, Konrad Bergmeister -- Verankerungs- und Bewehrungstechnik / Thomas M Sippel -- Normen und Regelwerke / Frank Fingerloos, Walter Potucek, Norbert Randl.
|
| 504 |
|
|
|a Includes bibliographical references and index.
|
| 588 |
0 |
|
|a Online resource; title from PDF title page (Wiley, viewed July 9, 2013).
|
| 650 |
|
0 |
|a Structural engineering.
|
| 650 |
|
0 |
|a Concrete construction.
|
| 650 |
|
7 |
|a Concrete construction.
|2 fast
|0 (OCoLC)fst00874261
|
| 650 |
|
7 |
|a Structural engineering.
|2 fast
|0 (OCoLC)fst01135658
|
| 655 |
|
4 |
|a Electronic books.
|
| 700 |
1 |
|
|a Bergmeister, Konrad.
|
| 700 |
1 |
|
|a Fingerloos, Frank.
|
| 700 |
1 |
|
|a Wörner, Johann Dietrich.
|
| 856 |
4 |
0 |
|u https://doi.org/10.1002/9783433601020
|z Full Text via HEAL-Link
|
| 994 |
|
|
|a 92
|b DG1
|